Дело о нераспространении пенсионных правил 1836 года на некоторых профессоров Дерптского университета и о подчинении университет...

Доступно только в Электронных читальных залах Найти на картеНа карте
RUSMARC
00004233nmc2a2200000 x 450
001d55fe74b-9db4-48bc-ac75-67bbc62413e6
00520170414091608.0
100##$a20140604l18371857k l0rusy0189 ca
1010#$arus
102##$aRU
2001#$aДело о нераспространении пенсионных правил 1836 года на некоторых профессоров Дерптского университета и о подчинении университета пенсионным правилам 1852 года на общих основаниях
$j6 марта 1837 г. - 25 апреля 1857 г.
251##$cДело
300##$aДело
300##$aОриг. заголовок дела: Дело по представлению Дерптского попечителя касательно пенсий по университету. 6 марта 1837 г. - 10 апреля 1842 г
801#0$aRU
$bРГИА
$c20140604
$gRCR
801#1$aRU
$bГлавНИВЦ
$c20140604
$2rusmarc
801#2$aRU
$bПБ им. Б.Н. Ельцина
$c20170414
$gRCR
$2rusmarc
850##$aРГИА
852##$aРГИА
$eФедеральное казенное учреждение "Российский государственный исторический архив" (РГИА)
$j3
937##$hРГИА
$d11167870
$aASBIBLIO_SCAN
462#0$1001fe4edb2a-8658-4269-9710-afcb460e1db3
$12001
$aДела Департамента народного просвещения по Дерптскому учебному округу за 1837-1862 гг.
$1251
$cОпись
$1852
$j57
461#0$1001a74412a3-3cc5-4d21-8f0a-dfe2fbd9e72d
$12001
$aДепартамент народного просвещения Министерства народного просвещения (1803-1917)
$1251
$cФонд
$1852
$j733
215##$a109 л.
$d36,5х26 см
371##$aДокумент не является опубликованным и широко распространяемым
105##$ay###
1222#$ad
5171#$aДело по представлению Дерптского попечителя касательно пенсий по университету. 6 марта 1837 г. - 10 апреля 1842 г.
035##$ad55fe74b-9db4-48bc-ac75-67bbc62413e6
856##$uhttp://readingroom.main.prlib.ru/item.aspx?id_node=n96940133&mode=full
Формат отображения